La Estafeta literaria y su contribución a la difusión de la cultura del siglo XX / (Record no. 178860)

MARC details
000 -LEADER
campo de control de longitud fija 01718nam a2200325 i 4500
001 - NÚMERO DE CONTROL
campo de control 178860
003 - IDENTIFICADOR DE NÚMERO DE CONTROL
campo de control ES-MaACL
005 - FECHA Y HORA DE LA ÚLTIMA TRANSACCIÓN
campo de control 20250905150516.0
008 - DATOS DE LONGITUD FIJA--INFORMACIÓN GENERAL
campo de control de longitud fija 110720s2010 sp 001 0 spa d
020 ## - NÚMERO INTERNACIONAL ESTÁNDAR DEL LIBRO
Número Internacional Estándar del Libro 978-84-7737-292-9
040 ## - FUENTE DE CATALOGACIÓN
Centro/agencia transcriptor ES-MaACL
080 ## - NÚMERO DE LA CLASIFICACIÓN DECIMAL UNIVERSAL
Número de la Clasificación Decimal Universal (05)(460.27 M.)(091)
245 03 - MENCIÓN DEL TÍTULO
Título La Estafeta literaria y su contribución a la difusión de la cultura del siglo XX /
Mención de responsabilidad, etc. Pilar Fernández Martínez, Margarita Garbisu Buesa, María Dolores Nieto García y Fernando González Ariza ; [edición, Luciana Óbidos].
260 ## - PUBLICACIÓN, DISTRIBUCIÓN, ETC.
Lugar de publicación, distribución, etc. Madrid :
Nombre del editor, distribuidor, etc. Sílex,
Fecha de publicación, distribución, etc. [2010]
300 ## - DESCRIPCIÓN FÍSICA
Extensión 170 páginas ;
Dimensiones 24 cm.
490 1# - MENCIÓN DE SERIE
Mención de serie Sílex universidad
504 ## - NOTA DE BIBLIOGRAFÍA, ETC.
Nota de bibliografía, etc. Referencias bibliográficas.
505 8# - NOTA DE CONTENIDO CON FORMATO
Nota de contenido con formato Análisis del lenguaje en la quinta etapa de La Estafeta literaria / Pilar Fernández Martínez. La literatura extranjera en La Estafeta literaria: 1957 y Rafael Morales como punto de inflexión / Margarita Garbisu Buesa. Aportación de La Estafeta literaria, en su primera etapa (1944-1946), al estudio de la poesía y del teatro en la España de la posguerra / María Dolores Nieto García. El mundo editorial en La Estafeta literaria / Fernando González Ariza
630 34 - PUNTO DE ACCESO ADICIONAL DE MATERIA--TÍTULO UNIFORME
Título uniforme La Estafeta literaria (1944)
9 (RLIN) 143513
700 1# - ENTRADA AGREGADA--NOMBRE PERSONAL
Nombre de persona Fernández Martínez, Pilar.
9 (RLIN) 147401
Término indicativo de función/relación Autor
700 1# - ENTRADA AGREGADA--NOMBRE PERSONAL
Nombre de persona Garbisu Buesa, Margarita
Término indicativo de función/relación Autor
9 (RLIN) 53958
700 1# - ENTRADA AGREGADA--NOMBRE PERSONAL
Nombre de persona Nieto García, María Dolores
Término indicativo de función/relación Autor
9 (RLIN) 147402
700 1# - ENTRADA AGREGADA--NOMBRE PERSONAL
Nombre de persona González Ariza, Fernando.
9 (RLIN) 147403
Término indicativo de función/relación Autor
700 1# - ENTRADA AGREGADA--NOMBRE PERSONAL
Nombre de persona Óbidos, Luciana.
9 (RLIN) 174460
Término indicativo de función/relación Editor literario
830 1# - PUNTO DE ACCESO ADICIONAL DE SERIE-TÍTULO UNIFORME
Título uniforme Sílex universidad
9 (RLIN) 191064
852 4# - LOCALIZACIÓN
Ubicación ES-MaACL
itemnumber 185725
Sublocalización o colección R.146533
Número de control de estantería A-11372
Signatura antigua Olim: N-4376
Ubicación en estantería Depósito 1
942 ## - ELEMENTOS DE ENTRADA SECUNDARIOS (KOHA)
Tipo de ítem Koha Libro impreso
Suprimir en OPAC No
Holdings
Estatus retirado Estado de pérdida Fuente del sistema de clasificación o colocación Estado de daño No para préstamo Colección Biblioteca de origen Biblioteca actual Ubicación en estantería Fecha de adquisición Fuente de adquisición Total de préstamos Signatura topográfica completa Código de barras Visto por última vez Precio de reemplazo Tipo de ítem Koha
    Clasificación decimal universal     Biblioteca profesional Biblioteca del Ateneo de Madrid Biblioteca del Ateneo de Madrid Depósito 1 20/07/2011 Donación   A-11372 1187880 23/02/2023 23/02/2023 Libro impreso